[Event "AUTO-ADV-4099"]
[Site "http://www.queenalice.com/game.php?id=1564828"]
[Date "2019.3.19"]
[Round "2"]
[White "Raion_BR"]
[Black "oentusiasta"]
[Result "1/2-1/2"]
[WhiteElo "1922"]
[BlackElo "1910"]

1. d4 g6 2. e4 Bg7 3. c4 d6 4. Nf3 c5 5. d5 Nf6 6. Nc3 Qa5 7. Bd2 Na6 8. Na4 Qc7
9. Bd3 Ng4 10. h3 Ne5 11. Qc2 Nb4 12. Bxb4 cxb4 13. Nxe5 Bxe5 14. Qb3 O-O 15.
Qxb4 Bd7 16. Rb1 b6 17. b3 a5 18. Qd2 Bd4 19. Be2 Be5 20. O-O Bxa4 21. bxa4 Qc5
22. Rb5 Qc7 23. f4 Bf6 24. Rfb1 Rab8 25. g4 e6 26. g5 Bg7 27. Qe3 e5 28. f5 f6
29. gxf6 Rxf6 30. Rxb6 Rxb6 31. Rxb6 Qa7 32. Qb3 gxf5 33. exf5 Rxf5 34. Kg2 Rg5+
35. Kh2 Qf7 36. Bg4 Qf2+ 37. Kh1 Qf1+ 1/2-1/2

[Event "AUTO-ADV-4168"]
[Site "http://www.queenalice.com/game.php?id=1568097"]
[Date "2019.4.18"]
[Round "1"]
[White "Danado"]
[Black "Raion_BR"]
[Result "1-0"]
[WhiteElo "1628"]
[BlackElo "1922"]

1. e4 c5 2. c4 d6 3. d4 cxd4 4. Qxd4 Nc6 5. Qd3 e5 6. Nc3 Nf6 7. Bg5 Be7 8. Bxf6
Bxf6 9. a3 O-O 10. Nf3 Bg4 11. Be2 a6 12. h3 Bxf3 13. Bxf3 Nd4 14. O-O Qb6 15.
b4 Qc6 16. b5 1-0

[Event "AUTO-ADV-4168"]
[Site "http://www.queenalice.com/game.php?id=1568098"]
[Date "2019.4.18"]
[Round "1"]
[White "Raion_BR"]
[Black "Danado"]
[Result "0-1"]
[WhiteElo "1894"]
[BlackElo "1656"]

1. d4 d5 2. Bf4 Bf5 3. Nf3 Nc6 4. a3 h6 5. Nc3 a6 6. b4 b5 7. e3 e6 8. Bd3 Bxd3
9. Qxd3 Bd6 10. Bxd6 cxd6 11. O-O Nf6 12. Nd2 O-O 13. Rfe1 Qb6 14. Nb3 e5 15.
dxe5 Nxe5 16. Qd4 Qxd4 0-1

[Event "AUTO-ADV-4168"]
[Site "http://www.queenalice.com/game.php?id=1568111"]
[Date "2019.4.18"]
[Round "1"]
[White "Raion_BR"]
[Black "Jsc"]
[Result "0-1"]
[WhiteElo "1856"]
[BlackElo "1969"]

1. c4 e5 2. Nc3 Nf6 3. e4 Bc5 4. d3 O-O 5. g3 c6 6. Bg2 d6 7. Bg5 Bxf2+ 8. Kf1
Bxg1 9. Rxg1 h6 10. Bxf6 Qxf6+ 11. Bf3 Bh3+ 12. Ke1 Qg5 13. Qd2 Qf6 14. Bg2 Bxg2
15. Rxg2 Nd7 16. Rf2 Qe6 17. Kd1 Qg4+ 18. Qe2 Qxe2+ 0-1

[Event "AUTO-ADV-4168"]
[Site "http://www.queenalice.com/game.php?id=1568112"]
[Date "2019.4.18"]
[Round "1"]
[White "Jsc"]
[Black "Raion_BR"]
[Result "1-0"]
[WhiteElo "1957"]
[BlackElo "1868"]

1. e4 c5 2. c3 d6 3. d4 cxd4 4. cxd4 Nf6 5. Bd3 a6 6. Nf3 Bg4 7. Bf4 b5 8. Nbd2
e5 9. h3 Bxf3 10. Qxf3 Nc6 11. d5 Nd4 12. Qe3 Nh5 13. Bh2 Be7 14. f4 Nxf4 15.
Bxf4 Bf6 16. Bh2 Rc8 17. O-O Nc2 18. Bxc2 1-0

[Event "AUTO-ADV-4168"]
[Site "http://www.queenalice.com/game.php?id=1568113"]
[Date "2019.4.18"]
[Round "1"]
[White "Raion_BR"]
[Black "renato"]
[Result "0-1"]
[WhiteElo "1827"]
[BlackElo "1814"]

1. e4 c5 2. Nf3 e6 3. d4 cxd4 4. Nxd4 Nc6 5. Nc3 Bb4 6. Nxc6 bxc6 7. Qf3 Qf6 8.
Qe3 e5 9. Be2 Bb7 10. O-O Qe7 11. a3 Bc5 0-1

[Event "AUTO-ADV-4168"]
[Site "http://www.queenalice.com/game.php?id=1568114"]
[Date "2019.4.18"]
[Round "1"]
[White "renato"]
[Black "Raion_BR"]
[Result "1-0"]
[WhiteElo "1796"]
[BlackElo "1845"]

1. e4 e5 2. Nf3 Nc6 3. b3 Bc5 4. Bb2 d6 5. Nc3 Nf6 6. h3 O-O 7. Na4 Bb6 8. Nxb6
axb6 9. Bb5 Ne7 10. Bd3 Ng6 11. g3 1-0

[Event "Let's Play Chess!"]
[Site "http://www.queenalice.com/game.php?id=1615221"]
[Date "2020.6.7"]
[Round "-"]
[White "Raion_BR"]
[Black "igorjava"]
[Result "1-0"]
[WhiteElo "1855"]
[BlackElo "2070"]

1. e4 c5 2. Nf3 d6 3. d4 cxd4 4. Qxd4 Nc6 5. Qc3 Nf6 6. Bd3 Bg4 7. Nd4 Nxd4 8.
Qxd4 e5 9. Qa4+ Bd7 10. Qb3 Qc7 11. O-O Be7 12. Bg5 O-O 13. Nd2 h6 14. Bxf6 Bxf6
15. f3 a6 16. a4 Be6 17. Bc4 Bd7 18. Kh1 Bg5 19. Nb1 Rab8 20. Nc3 Qd8 21. Rad1
Qc7 22. Nd5 Qc5 23. Nb6 Qc7 24. Nxd7 Qxd7 25. g3 b5 26. axb5 axb5 27. Bd5 Qc7
28. h4 Bf6 29. c3 Rfd8 30. Ra1 g5 31. hxg5 hxg5 32. Kg2 Rf8 33. Rh1 Bh8 34. Rh5
Kg7 35. Rah1 Kg6 36. Rh6+ Kg7 37. Rh7+ Kf6 38. R1h6+ Ke7 39. Bxf7 Kd8 40. Qe6
Qe7 41. Qxe7+ Kxe7 42. Bd5+ Kd8 43. Rxd6+ Ke8 44. Bc6# 1-0

[Event "Let's Play Chess!"]
[Site "http://www.queenalice.com/game.php?id=1615365"]
[Date "2020.6.7"]
[Round "-"]
[White "Raion_BR"]
[Black "charles31"]
[Result "0-1"]
[WhiteElo "1825"]
[BlackElo "1553"]

1. d4 d5 2. c4 dxc4 3. e4 b5 4. Nc3 c6 5. Bf4 Nf6 6. e5 Nd5 7. Qf3 Nxc3 8. Qxc3
e6 9. Nf3 a5 10. Be2 Bb4 11. a4 Bxc3+ 12. bxc3 Bd7 13. Ng5 bxa4 14. Ne4 O-O 15.
O-O c5 16. Nxc5 Na6 17. Nxa4 Bxa4 18. Rxa4 Rc8 19. Bc1 Qd5 20. Ba3 Nb8 21. Bxf8
Kxf8 22. Rfa1 Nc6 23. Bxc4 Qe4 24. h3 Ne7 25. Rc1 Ra8 26. Rca1 Nc6 27. Bb5 Ne7
28. Rxa5 Rxa5 29. Rxa5 f5 30. exf6 gxf6 31. Kh2 Nd5 32. Ra8+ Kg7 33. Ra7+ Kg6
0-1

[Event "AUTO-ADV-4353"]
[Site "http://www.queenalice.com/game.php?id=1615516"]
[Date "2020.6.7"]
[Round "1"]
[White "jambalaya"]
[Black "Raion_BR"]
[Result "0-1"]
[WhiteElo "1767"]
[BlackElo "1847"]

1. c4 e5 2. Nf3 Nc6 3. d3 Nf6 4. Bg5 Bb4+ 5. Bd2 e4 6. Ng5 exd3 7. exd3 O-O 8.
Be2 Re8 9. O-O h6 10. Bxb4 Nxb4 11. a3 hxg5 12. axb4 d5 13. b3 Qe7 14. Bf3 dxc4
15. bxc4 Qxb4 16. g3 Bh3 17. Bg2 g4 18. Nd2 Rad8 19. Rb1 Qc5 20. Rxb7 Rxd3 21.
Re1 Bxg2 22. Rxe8+ Nxe8 23. Rb5 Bf3 24. Qc2 Qd6 25. Rb2 Nf6 26. h3 Ne4 27. Nxf3
gxf3 28. Qa4 Qd4 29. Qe8+ Kh7 30. Qxf7 Rd1+ 31. Kh2 Nf6 32. Qe7 Qxb2 33. Qe3 Rf1
34. Qd3+ Kh8 35. Qd8+ Kh7 36. Qd3+ g6 0-1

[Event "AUTO-ADV-4353"]
[Site "http://www.queenalice.com/game.php?id=1615517"]
[Date "2020.6.7"]
[Round "1"]
[White "Raion_BR"]
[Black "jambalaya"]
[Result "1-0"]
[WhiteElo "1833"]
[BlackElo "1792"]

1. d4 d6 2. e4 g6 3. Nf3 Bg7 4. Bc4 a6 5. Ng5 Nh6 6. O-O O-O 7. Nc3 Ng4 8. Be2
Nf6 9. e5 dxe5 10. dxe5 Qxd1 11. Rxd1 Ne8 12. f4 h6 13. Nf3 b5 14. Rd8 c6 15.
Rxc8 f6 16. Nd4 fxe5 17. Ne6 Nd6 18. Rxf8+ Bxf8 19. fxe5 Nf5 20. Nxf8 Kxf8 21.
g4 Nd4 22. Bxh6+ Kg8 23. Rd1 c5 24. Be3 Nxe2+ 25. Nxe2 Nc6 26. Bxc5 Re8 27. e6
Ne5 28. g5 Nf3+ 29. Kg2 Nxg5 30. Nf4 Ne4 31. Bb4 Kg7 32. Kf3 Ng5+ 33. Kg4 Nh7
34. Rd7 Nf6+ 35. Kg5 Nxd7 36. exd7 Rd8 37. Ne6+ 1-0

[Event "AUTO-ADV-4353"]
[Site "http://www.queenalice.com/game.php?id=1615530"]
[Date "2020.6.7"]
[Round "1"]
[White "Raion_BR"]
[Black "ebpap123"]
[Result "1-0"]
[WhiteElo "1810"]
[BlackElo "1777"]

1. Nc3 Nf6 2. d4 g6 3. Bg5 Bg7 4. e4 d6 5. Nf3 O-O 6. Bc4 b6 7. e5 dxe5 8. dxe5
Qxd1+ 9. Rxd1 Nh5 10. g4 h6 11. gxh5 hxg5 12. Nxg5 gxh5 13. Nxf7 Rxf7 14. Rd8+
1-0

[Event "AUTO-ADV-4353"]
[Site "http://www.queenalice.com/game.php?id=1615531"]
[Date "2020.6.7"]
[Round "1"]
[White "ebpap123"]
[Black "Raion_BR"]
[Result "1/2-1/2"]
[WhiteElo "1725"]
[BlackElo "1860"]

1. e4 c5 2. Nf3 d6 3. d4 cxd4 4. Nxd4 e5 5. Nf3 Nf6 6. Nc3 g6 7. Be2 Bg7 8. O-O
O-O 9. h3 a6 10. Bg5 h6 11. Be3 Nc6 12. Qd2 b5 13. Rfd1 b4 14. Nd5 Nxd5 15. Qxd5
Bb7 16. Qxd6 Qxd6 17. Rxd6 Rfd8 18. Rxd8+ Rxd8 19. Rd1 Rxd1+ 20. Bxd1 Na5 21.
Be2 Nc6 22. Bd3 a5 23. Kf1 a4 24. Bb5 a3 25. bxa3 bxa3 26. Bc5 Bf8 27. Bxf8 Kxf8
28. Ke2 Nd4+ 29. Nxd4 exd4 30. Kd3 f5 31. f3 f4 32. Kxd4 Ke7 33. Kc3 Kd6 34. Kb4
Ke5 35. Kxa3 Kd4 36. Bd3 Ke3 37. Kb4 Kf2 38. Bc4 Kxg2 39. e5 Bxf3 40. e6 Bc6 41.
Bb5 Bxb5 42. Kxb5 f3 43. e7 f2 44. e8=Q f1=Q+ 45. Kb4 Qf4+ 46. c4 Qd2+ 47. Kb5
Qb2+ 48. Kc5 Qf2+ 49. Kb4 Qb2+ 50. Kc5 Qf2+ 51. Kb4 Qb2+ 52. Kc5 1/2-1/2

[Event "AUTO-ADV-4353"]
[Site "http://www.queenalice.com/game.php?id=1615532"]
[Date "2020.6.7"]
[Round "1"]
[White "Raion_BR"]
[Black "forever"]
[Result "1-0"]
[WhiteElo "1817"]
[BlackElo "1828"]

1. e4 c5 2. Nf3 d6 3. d4 cxd4 4. Qxd4 Nc6 5. Qc3 e6 6. Bb5 Bd7 7. O-O Nf6 8. Re1
Be7 9. e5 Nd5 10. Qb3 f6 11. exd6 Bxd6 12. Qxd5 Qc7 13. Bxc6 bxc6 14. Qc4 O-O
15. Nc3 Rab8 16. Nd4 Rb4 17. Qd3 Bxh2+ 18. Kh1 Bd6 19. a3 Rb7 20. Qc4 Kh8 21.
Nxe6 Bxe6 22. Rxe6 Be5 23. Rxc6 Qd7 24. Be3 Rd8 25. b4 Qf5 26. f4 Bxc3 27. Qxc3
Rbd7 28. Rc5 Qg4 29. Rc8 Rd1+ 30. Rxd1 Qxd1+ 31. Kh2 h6 32. Bxa7 h5 33. Bb6 1-0

[Event "AUTO-ADV-4353"]
[Site "http://www.queenalice.com/game.php?id=1615533"]
[Date "2020.6.7"]
[Round "1"]
[White "forever"]
[Black "Raion_BR"]
[Result "0-1"]
[WhiteElo "1882"]
[BlackElo "1798"]

1. Nf3 d5 2. d4 Nf6 3. c4 c6 4. Nc3 e6 5. Qc2 Bb4 6. Bg5 h6 7. Bh4 Nbd7 8. e3
Qa5 9. Be2 Ne4 10. O-O Bxc3 11. bxc3 Qxc3 12. Bd3 Qxc2 13. Bxc2 g5 14. Bg3 Nb6
15. cxd5 cxd5 16. Be5 Rg8 17. h3 f6 18. Bc7 Nc4 19. Rac1 Nc3 20. Bb3 Ne2+ 0-1

[Event "Camelo - 2230"]
[Site "http://www.queenalice.com/game.php?id=1623326"]
[Date "2020.8.10"]
[Round "-"]
[White "zubarev"]
[Black "Raion_BR"]
[Result "0-1"]
[WhiteElo "1721"]
[BlackElo "1880"]

1. d4 Nf6 2. Nc3 g6 3. Bd2 d5 4. Nf3 Bg7 5. e3 O-O 6. Bd3 Nc6 7. O-O Bg4 8. Be2
a6 9. Ne1 Bxe2 10. Qxe2 e5 11. dxe5 Nxe5 12. f4 Nc6 13. Nf3 b5 14. Rad1 Re8 15.
Nd4 Nxd4 16. exd4 Rxe2 17. Nxe2 Qd6 18. c3 Re8 19. Ng3 c5 20. a3 Ne4 21. Nxe4
Rxe4 22. f5 cxd4 23. Rde1 h5 24. fxg6 fxg6 25. Rd1 Qc5 26. Kh1 dxc3 27. bxc3 Rc4
28. Rde1 Re4 29. Rxe4 dxe4 30. Re1 Bxc3 31. Bxc3 Qxc3 32. Rf1 e3 33. h3 e2 34.
Rg1 e1=Q 35. Kh2 Qeg3+ 36. Kh1 Qxh3+ 37. gxh3 Qxh3# 0-1

[Event " Uma história a mais"]
[Site "http://www.queenalice.com/game.php?id=1626423"]
[Date "2020.9.10"]
[Round "-"]
[White "Raion_BR"]
[Black "zubarev"]
[Result "1-0"]
[WhiteElo "1890"]
[BlackElo "1698"]

1. d4 d5 2. Nf3 Nf6 3. Bg5 e6 4. e3 Be7 5. c4 O-O 6. Nc3 Bd7 7. c5 c6 8. Bd3 b6
9. b4 bxc5 10. dxc5 e5 11. Nxe5 Ne8 12. Bxe7 Qxe7 13. f4 f6 14. Nxd7 Nxd7 15.
Qf3 Nc7 16. O-O Ne6 17. Qh3 g6 18. Rfe1 Rab8 19. Rab1 Qf7 20. f5 Ng5 21. Qg3 Ne5
22. Bc2 Qe7 23. h4 Ngf7 24. fxg6 Nxg6 25. h5 Kh8 26. hxg6 hxg6 27. Qxg6 Qe5 28.
Qh7# 1-0

[Event "AUTO-ADV-4353"]
[Site "http://www.queenalice.com/game.php?id=1628223"]
[Date "2020.9.27"]
[Round "2"]
[White "Esvir"]
[Black "Raion_BR"]
[Result "0-1"]
[WhiteElo "2017"]
[BlackElo "1898"]

1. d4 Nf6 2. Nf3 d6 3. c4 Bf5 4. Nc3 g6 5. e3 Bg7 6. Be2 O-O 7. O-O Re8 8. Nh4
Bc8 9. b4 e5 10. d5 c5 11. bxc5 dxc5 12. e4 Nxe4 13. Nxe4 Qxh4 14. Qa4 Bd7 15.
Qc2 Bf5 16. f3 b6 17. Bg5 Qxg5 18. Qa4 Bd7 19. Qxd7 Qe3+ 20. Rf2 Nxd7 0-1

[Event "AUTO-ADV-4353"]
[Site "http://www.queenalice.com/game.php?id=1628224"]
[Date "2020.9.27"]
[Round "2"]
[White "Raion_BR"]
[Black "Esvir"]
[Result "1-0"]
[WhiteElo "1915"]
[BlackElo "2057"]

1. e4 e5 2. Nf3 d6 3. Nc3 a6 4. d4 exd4 5. Qxd4 c5 6. Qd3 Be7 7. Be2 Nc6 8. O-O
b5 9. a4 Nb4 10. Qd2 Bb7 11. Re1 Nf6 12. axb5 axb5 13. Bxb5+ Bc6 14. Bxc6+ Nxc6
15. Rxa8 Qxa8 16. e5 dxe5 17. Nxe5 Nd4 18. Qd3 O-O 19. Be3 Ne6 20. Qc4 Qb7 21.
Rb1 Bd6 22. Nd3 Rc8 23. b3 h5 24. Kh1 Ng4 25. h3 Nxe3 26. fxe3 Ng5 27. h4 Nh3
28. Ne4 Bb8 29. gxh3 Qc7 30. Nf4 Re8 31. Qd5 Re5 32. Qc4 Qc6 33. Rd1 Rxe4 34.
Rd8+ Re8+ 35. Qd5 Qb5 36. c4 Qxb3 37. Rxe8+ Kh7 38. Qxh5# 1-0

[Event "AUTO-ADV-4353"]
[Site "http://www.queenalice.com/game.php?id=1628225"]
[Date "2020.9.27"]
[Round "2"]
[White "Rhavstur"]
[Black "Raion_BR"]
[Result "1-0"]
[WhiteElo "2467"]
[BlackElo "1919"]

1. e4 e5 2. Nc3 Nf6 3. g3 Bc5 4. Bg2 O-O 5. Nf3 Re8 6. O-O d5 7. Nxd5 Nxd5 8.
exd5 e4 9. Ne1 Qxd5 10. d3 c6 11. Bf4 Bf5 12. c3 Nd7 13. dxe4 Qxd1 14. Rxd1 Nb6
15. exf5 Nc4 16. b3 Ne5 17. Bxe5 Rxe5 18. Nd3 Rxf5 19. g4 Rg5 20. h4 Bxf2+ 21.
Nxf2 Ra5 22. Rd7 b5 23. Bxc6 Rc8 24. Ne4 1-0

[Event "AUTO-ADV-4353"]
[Site "http://www.queenalice.com/game.php?id=1628226"]
[Date "2020.9.27"]
[Round "2"]
[White "Raion_BR"]
[Black "Rhavstur"]
[Result "0-1"]
[WhiteElo "1917"]
[BlackElo "2522"]

1. d4 Nf6 2. c4 g6 3. Nc3 Bg7 4. e4 O-O 5. e5 Ne8 6. Nf3 d6 7. exd6 Nxd6 8. Be2
Nf5 9. d5 c6 10. Bf4 cxd5 11. cxd5 Nd7 12. O-O Nb6 13. Rc1 Bxc3 14. Rxc3 Qxd5
15. Qxd5 Nxd5 16. Rc4 Nxf4 17. Rxf4 Be6 18. b3 Rac8 19. Bd3 Rfd8 20. Bxf5 Bxf5
21. Ne5 Rd5 22. Nc4 Bd3 23. Re1 e5 24. Rh4 f5 25. a4 e4 26. Ne3 Rdc5 27. f4 Rc1
28. Rxc1 Rxc1+ 29. Kf2 Rb1 30. Nc4 Rxb3 0-1

[Event "Let's Play Chess!"]
[Site "http://www.queenalice.com/game.php?id=1649207"]
[Date "2021.4.10"]
[Round "-"]
[White "charles31"]
[Black "Raion_BR"]
[Result "0-1"]
[WhiteElo "1701"]
[BlackElo "1947"]

1. Nc3 e5 2. e4 Bb4 3. d4 Bxc3+ 4. bxc3 Nc6 5. d5 Nce7 6. Ba3 Nf6 7. f3 O-O 8.
c4 d6 9. Qd2 a6 10. h3 b5 11. cxb5 axb5 12. Bb2 Ba6 13. Bd3 c5 14. g4 c4 15. Be2
Qb6 16. Ba3 Ng6 17. h4 Nf4 18. c3 Nd3+ 19. Bxd3 cxd3 20. Bb4 h5 21. Qxd3 hxg4
22. fxg4 Nxg4 23. Qe2 Nf6 24. Nf3 Nd7 25. Ng5 Nf6 26. h5 Ra7 27. h6 g6 28. Kd2
Nh7 29. Nxh7 Kxh7 30. Raf1 Bc8 31. a3 f5 32. exf5 Bxf5 33. Qg2 Rd7 34. Qg5 Qb7
35. Rhg1 Qxd5+ 36. Kc1 Qe4 37. Rf2 Qb1+ 38. Kd2 Qd3+ 39. Kc1 Qb1+ 40. Kd2 Qc2+
41. Ke1 Qe4+ 42. Kd1 Bg4+ 43. Rxg4 Qb1+ 44. Ke2 Qc2+ 45. Ke1 Qxf2+ 46. Kd1 Qf1+
47. Kc2 Rf2+ 0-1

[Event "Let's Play Chess!"]
[Site "http://www.queenalice.com/game.php?id=1649226"]
[Date "2021.4.10"]
[Round "-"]
[White "zhiii00"]
[Black "Raion_BR"]
[Result "1/2-1/2"]
[WhiteElo "2188"]
[BlackElo "1937"]

1. e4 c5 2. Nf3 d6 3. d4 cxd4 4. Nxd4 Nf6 5. Nc3 g6 6. Be2 Bg7 7. O-O O-O 8. Be3
Nc6 9. Kh1 d5 10. exd5 Nxd5 11. Nxd5 Nxd4 12. Bxd4 Qxd5 13. Bxg7 Qxd1 14. Rfxd1
Kxg7 15. Bf3 Rb8 16. c4 b6 17. g3 Bb7 18. Bxb7 1/2-1/2

[Event "Let's Play Chess!"]
[Site "http://www.queenalice.com/game.php?id=1649342"]
[Date "2021.4.11"]
[Round "-"]
[White "bobifixer"]
[Black "Raion_BR"]
[Result "1/2-1/2"]
[WhiteElo "2101"]
[BlackElo "1953"]

1. Nf3 d5 2. d4 Nf6 3. g3 e6 4. Bg2 Bd6 5. O-O O-O 6. Bg5 h6 7. Bxf6 Qxf6 8.
Nbd2 c5 9. c3 Nc6 10. e4 cxd4 11. cxd4 dxe4 12. Nxe4 Qe7 13. Nxd6 Qxd6 14. a3 a5
15. Rc1 Bd7 16. Re1 Rac8 17. Ne5 Nxe5 18. dxe5 Qxd1 19. Rexd1 Bc6 20. Bxc6 Rxc6
21. Rxc6 bxc6 22. b4 axb4 23. axb4 Rb8 24. Rc1 Rxb4 25. Rxc6 Rb5 26. f4 Kh7 27.
Kg2 Kg6 28. h4 Kf5 29. Kh3 h5 30. Rc7 1/2-1/2

[Event "Let's Play Chess!"]
[Site "http://www.queenalice.com/game.php?id=1761163"]
[Date "2021.6.3"]
[Round "-"]
[White "Raion_BR"]
[Black "charles31"]
[Result "1-0"]
[WhiteElo "1959"]
[BlackElo "1708"]

1. c4 e5 2. Nc3 a6 3. Nf3 d6 4. d3 Bg4 5. e4 h6 6. g3 Nf6 7. b4 c6 8. Bg2 Nbd7
9. O-O b5 10. cxb5 axb5 11. a3 Be7 12. Qb3 Nb6 13. h3 Be6 14. Qc2 Qd7 15. Be3 g5
16. g4 h5 17. Bxb6 hxg4 18. hxg4 Bxg4 19. Nh2 Bh3 20. f3 Bxg2 21. Qxg2 Nh5 22.
Ne2 f5 23. d4 exd4 24. Nxd4 fxe4 25. fxe4 Bf6 26. Rxf6 Qg7 27. Re6+ Kd7 28. Qg4
Nf6 29. Rxf6+ Ke8 30. Re6+ Kf7 31. Rf1+ Kg8 32. Nf5 1-0